Normal view MARC view
  • Klafter, Richard David

Entry Personal Name

Number of records used in: 1

001 - CONTROL NUMBER

  • control field: 106681

003 - CONTROL NUMBER IDENTIFIER

  • control field: NUST

005 - DATE AND TIME OF LATEST TRANSACTION

  • control field: 20230103092920.0

008 - FIXED-LENGTH DATA ELEMENTS

  • fixed length control field: 230103|| aca||aabn | a|a d

040 ## - CATALOGING SOURCE

  • Original cataloging agency: NUST
  • Transcribing agency: NUST

100 ## - HEADING--PERSONAL NAME

  • Personal name: Klafter, Richard David

670 ## - SOURCE DATA FOUND

  • Source citation: Work cat.: (NUST)194283: Klafter, Richard David., Robotic engineering :, c1989.
© 2023 Central Library, National University of Sciences and Technology. All Rights Reserved.